000
00310cam a2200121ua 4500
020
_a
9788122427547
082
_a
604
_b
VEN/EN
100
_a
Venugopal, K .
_a
Prabhu Raja,V
_9
370
245
_a
Engineering graphics
250
_a
2 / 10
260
_a
New Delhi :
_b
New Age International Ltd ,
_c
2010
942
_c
BK
999
_c
10944
_d
10944